Parameter estimation for the subcritical Heston model based on discrete time observations
We study asymptoti c properties of some (essentially conditional least squares) parameter estimators for the subcritical Heston model based on discrete time observations derived from conditional least squares estimators of some modified parameters.
Elmentve itt :
| Szerzők: | |
|---|---|
| Dokumentumtípus: | Cikk |
| Megjelent: |
Bolyai Institute, University of Szeged
Szeged
2016
|
| Sorozat: | Acta scientiarum mathematicarum
82 No. 1-2 |
| Kulcsszavak: | Heston modell, Matematika |
| Tárgyszavak: | |
| doi: | 10.14232/actasm-015-016-0 |
| Online Access: | http://acta.bibl.u-szeged.hu/46449 |
| LEADER | 01172nab a2200253 i 4500 | ||
|---|---|---|---|
| 001 | acta46449 | ||
| 005 | 20260224081030.0 | ||
| 008 | 170407s2016 hu o 000 eng d | ||
| 022 | |a 0001-6969 | ||
| 024 | 7 | |a 10.14232/actasm-015-016-0 |2 doi | |
| 040 | |a SZTE Egyetemi Kiadványok Repozitórium |b hun | ||
| 041 | |a eng | ||
| 100 | 1 | |a Barczy Mátyás | |
| 245 | 1 | 0 | |a Parameter estimation for the subcritical Heston model based on discrete time observations |h [elektronikus dokumentum] / |c Barczy Mátyás |
| 260 | |a Bolyai Institute, University of Szeged |b Szeged |c 2016 | ||
| 300 | |a 313-338 | ||
| 490 | 0 | |a Acta scientiarum mathematicarum |v 82 No. 1-2 | |
| 520 | 3 | |a We study asymptoti c properties of some (essentially conditional least squares) parameter estimators for the subcritical Heston model based on discrete time observations derived from conditional least squares estimators of some modified parameters. | |
| 650 | 4 | |a Természettudományok | |
| 650 | 4 | |a Matematika | |
| 695 | |a Heston modell, Matematika | ||
| 700 | 0 | 1 | |a Pap Gyula |e aut |
| 700 | 0 | 1 | |a Szabó Tamás T. |e aut |
| 856 | 4 | 0 | |u http://acta.bibl.u-szeged.hu/46449/1/math_082_numb_001_002_313-338.pdf |z Dokumentum-elérés |